Τι είναι ο πόλεμος; : κοινωνιολογία της βίας και του πολέμου
Αποθηκεύτηκε σε:
| Κύριος συγγραφέας: | |
|---|---|
| Μορφή: | Βιβλίο |
| Γλώσσα: | Greek |
| Δημοσίευση: |
Αθήνα :
Παπαζήσης,
2001.
|
| Θέματα: | |
| Ετικέτες: |
Προσθήκη ετικέτας
Δεν υπάρχουν, Καταχωρήστε ετικέτα πρώτοι!
|
MARC
| LEADER | 00000cam a2200000 i 4500 | ||
|---|---|---|---|
| 001 | 1/21551 | ||
| 008 | 010921s2001 gr | ||| |||| ||gre|| | ||
| 020 | |a 9600214875 | ||
| 035 | |l 10067315 | ||
| 040 | |a GR-MY-UA |b gre |e aacr | ||
| 041 | 0 | |a gre | |
| 082 | 7 | |a 303.66 |2 (22) | |
| 100 | 1 | |a Καφφές, Γεώργιος, |d 1963- | |
| 245 | 1 | 0 | |a Τι είναι ο πόλεμος; : |b κοινωνιολογία της βίας και του πολέμου / |c Γεώργιος Καφφές. |
| 260 | |a Αθήνα : |b Παπαζήσης, |c 2001. | ||
| 300 | |a 256 σ. : |b εικ. ; |c 21 εκ. | ||
| 504 | |a Βιβλιογραφία : σ. [247]-256. | ||
| 650 | 0 | 0 | |a War. |
| 650 | 0 | 0 | |a Violence |x Social aspects. |
| 852 | |a INST |b LESVOS |e 20010921 |h 303.66 ΚΑΦ |p 005100027089 |q 005100027089 |t BK |y 0 | ||
| 901 | |a BIBL1-2001-3 | ||
| 970 | |a ΚΑΜΑΤΣΟΥ |b ΔΕΣΠΟΙΝΑ |z 2001/09/21 | ||